Les libertins au XVIIe siècle / (Record no. 133812)

MARC details
000 -LEADER
campo de control de longitud fija 00676nam a2200229 i 4500
001 - NÚMERO DE CONTROL
campo de control 133812
003 - IDENTIFICADOR DE NÚMERO DE CONTROL
campo de control ES-MaACL
005 - FECHA Y HORA DE LA ÚLTIMA TRANSACCIÓN
campo de control 20230906194533.0
007 - CAMPO FIJO DE DESCRIPCIÓN FÍSICA--INFORMACIÓN GENERAL
campo de control de longitud fija t|
008 - DATOS DE LONGITUD FIJA--INFORMACIÓN GENERAL
campo de control de longitud fija 070830s1964 fr ||||1| fre d
080 ## - NÚMERO DE LA CLASIFICACIÓN DECIMAL UNIVERSAL
Número de la Clasificación Decimal Universal 612.6.06
245 04 - MENCIÓN DEL TÍTULO
Título Les libertins au XVIIe siècle /
Mención de responsabilidad, etc. [textes choisis et présentés par] Antoine Adam.
260 ## - PUBLICACIÓN, DISTRIBUCIÓN, ETC.
Lugar de publicación, distribución, etc. Paris :
Nombre del editor, distribuidor, etc. Buchet-Chastel,
Fecha de publicación, distribución, etc. [1964]
300 ## - DESCRIPCIÓN FÍSICA
Extensión 323 p. ;
Dimensiones 19 cm.
490 1# - MENCIÓN DE SERIE
Mención de serie Le vrai savoir
500 ## - NOTA GENERAL
Nota general Biblioteca Jacinto Martínez Lacalle.
650 14 - PUNTO DE ACCESO ADICIONAL DE MATERIA--TÉRMINO DE MATERIA
Término de materia o nombre geográfico como elemento de entrada Libertinos.
9 (RLIN) 14420
700 1# - ENTRADA AGREGADA--NOMBRE PERSONAL
Nombre de persona Adam, Antoine.
9 (RLIN) 18352
830 0# - PUNTO DE ACCESO ADICIONAL DE SERIE-TÍTULO UNIFORME
Título uniforme Le vrai savoir
9 (RLIN) 219789
852 ## - LOCALIZACIÓN
Ubicación ES-MaACL
Número de control de estantería E-12074
Sublocalización o colección R.139990
Holdings
Estatus retirado Estado de pérdida Estado de daño No para préstamo Biblioteca de origen Biblioteca actual Ubicación en estantería Fecha de adquisición Fuente de adquisición Total de préstamos Signatura topográfica completa Código de barras Visto por última vez Precio de reemplazo Tipo de ítem Koha
        Biblioteca del Ateneo de Madrid Biblioteca del Ateneo de Madrid Depósito 2 17/01/2008     E-12074 1139294 23/02/2023 23/02/2023 Libro impreso